| 000 | 00377nam a22001577a 4500 | ||
|---|---|---|---|
| 020 | _a139780750684392 | ||
| 040 | _cNust | ||
| 082 |
_a629.43 _bPIL |
||
| 100 |
_aPlint,. A. M _9124024 |
||
| 110 |
_aMartyr,. J. A _9124025 |
||
| 245 | _aEngine Testing | ||
| 250 | _a3rd Edition | ||
| 260 |
_aBoston: _bElsevier, _c2007. |
||
| 650 |
_aEngine Testing _9124026 |
||
| 942 |
_2ddc _cBK |
||
| 999 |
_c610020 _d610020 |
||